Races de chiens - Mort subite - Statistiques

Statistiques générales
  • Ce quiz a été pris 3 080 fois
  • Le résultat moyen est 11 sur 18
Answers on the Grid
Answers color-coded by a green-red scale on the quiz's grid according to % correct below.
Airedale
Beagle
Boxer
Braque
Bulldog
Carlin
Chow-chow
Colley
Dalmatien
Labrador
Terre-neuve
Manitoba
Yukon
Kai
Koï
Samoyède
Samovar
Istrien
Chachacha
Powow
Catcher
Marlin
Bigleux
Tiredale
Blaque
Traque
Saint-bernard
Saint-barnabé
Saint-médard
Pinscher
Pékinois
Cantonais
Pinterest
Husky
Bansky
Malamute
 
Statistiques - réponses
Réponse % Correct
Husky
82%
Labrador
82%
Bulldog
80%
Dalmatien
80%
Saint-bernard
79%
Boxer
78%
Beagle
74%
Chow-chow
69%
Pékinois
69%
Carlin
67%
Terre-neuve
66%
Colley
52%
Braque
45%
Pinscher
44%
Samoyède
44%
Malamute
37%
Airedale
12%
Kai
7%
Aucun quiz correspondant
Distribution des résultats
% des personnes avec chaque résultat
Percentile par nombre de réponses
Votre historique - résultats
Vous n’avez pas pris ce quiz